000 00959nam a2200217Ia 4500
003 Ost
005 20260507075331.0
008 260507s9999||||xx |||||||||||||| ||und||
020 _a9789957122508
040 _cfsecg
041 _aara
082 _a330
100 _aالعلاق، بشير
_eمؤلف
245 0 _aالإعلان الدولي /
_c بشير العلاق
260 _aعمان:
_bدار اليازوري,
_c2010
300 _a226 صفحة؛
_bإيضاحات ؛
_c25 سم
520 _aمدخل الى الاعلان : أهداف الاعلان و أنواعه ، الاعلان عن الخدمات ، الاعلان و دوره في الاتصالات التسويقية المتكاملة ، الاعلان الدولي و الاعلانات الدولية عبر الانترنيت مع وجود أسئلة للمناقشة في نهاية كل فصل
653 _aالإعلان
653 _aالتسويق
942 _cكتاب
999 _c44007
_d44007